| 000 | 01058nac a22002171u 4500 | ||
|---|---|---|---|
| 008 | 101020s1987 xxu||||| |||| 00| 0 ara d | ||
| 082 |
_a241.61 _bص ي ا |
||
| 100 | 1 |
_aالصياد ، ابراهيم عبد الحميد _920524 |
|
| 110 |
_aMogama Al Bohoth Al Islameya _920529 |
||
| 245 |
_aالمدخل الاسلامى للطب / _cابراهيم عبد الحميد الصياد |
||
| 260 |
_aالقاهرة : _bمجمع البحوث الإسلامية،1987 _c1987. |
||
| 300 |
_a247 ص ؛ _c18 سم. |
||
| 490 |
_920526 _aسلسلة البحوث الاسلامية |
||
| 504 | _aيشتمل على ببليوجرافية ص 238-242 | ||
| 511 | _aCatalogued by: Sara | ||
| 541 |
_aإهداء ؛ _cمكتبة الإسكندرية ؛ |
||
| 650 |
_aالإسلام والطب _917200 |
||
| 710 |
_aMogama Al Bohoth Al Islameya _920530 |
||
| 942 |
_cBB _k241.61 ص ي ا _2ddc |
||
| 999 |
_c6227 _d6227 |
||